• 首页
  • 本馆介绍
  • 公告通知
  • 最新文献
  • 馆藏检索
  • 电子资源
  • 读者导购
  • 参考咨询
  • 我的图书馆
  • 登录
  • 详细信息显示
  • 放入我的书架
  • 预约/预借图书
  • 作者相关作品
  • 分类相关作品
  • 丛书相关作品
  • 出版社相关作品

书目信息

  • 表格格式
  • 工作单格式
  • 卡片格式
题名:
薛暮桥经济思想研究
    
 
作者: 杨欢进 著
分册:  
出版信息: 北京   中国经济出版社  1992
页数: 392页
开本: 20cm
丛书名:
单 册:
中图分类: F092.7
科图分类:
主题词:
电子资源:
ISBN: 7-5017-1523-8
000 00847cam0 2200241 450
001 0100555142
005 20121008133950.0
010    @a7-5017-1523-8@dCNY6.50@z7-5017-1528-8
011    @a7-5017-1523-8
100    @a20021005d1992 emky0chiy0110 ea
101 0  @achi
102    @aCN@b110000
105    @af z 000yy
106    @ar
200 1  @a薛暮桥经济思想研究@9Xue Mu Qiao Jing Ji Si;Sai Xiang Yan Jiu @f杨欢进著@b专著
210    @a北京@c中国经济出版社@d1992
215    @a392页@c彩照@d20cm
330    @a本书介绍了薛暮桥从事经济管理与经济研究工作的丰富经历,揭示了薛暮桥经济研究的方法论原则,归纳了薛暮桥经济思想的特点,研究了薛暮桥经济思想的提出、发展、演变的过程。
600  0 @a薛暮桥@f(1904-2005)@x经济思想@x研究
690    @aF092.7@v3
701  0 @a杨欢进@9yang huan jin@4著
801  0 @aCN@bAiZhiMarc
905    @aBZT@dF09@e12@f2@sF09/12
    
    薛暮桥经济思想研究/杨欢进著.-北京:中国经济出版社,1992
    392页:彩照;20cm
    
    
    ISBN 7-5017-1523-8:CNY6.50
    本书介绍了薛暮桥从事经济管理与经济研究工作的丰富经历,揭示了薛暮桥经济研究的方法论原则,归纳了薛暮桥经济思想的特点,研究了薛暮桥经济思想的提出、发展、演变的过程。
●
相关链接 在五车中查询图书 在当当中查询图书 在豆瓣中查询图书


正题名:薛暮桥经济思想研究     索取号:F09/12         预约/预借

序号 登录号 条形码 馆藏地/架位号 状态 备注
1 2000101648   2000101648   旧书回溯/ [索取号:F09/12] 在馆    
2 2000101649   2000101649   旧书回溯/ [索取号:F09/12] 在馆    
山东省滨州职业学院图书馆 欢迎您!
大连网信软件有限公司© 版权所有